000 00678nam a2200217 i 4500
001 bg
100 1 _aRITTEL, Stefan
245 1 0 _aZjawiska polityczne w ujęciu systemowym /
_cStefan Rittel.
260 _aKraków :
_bPK,
_c1989.
300 _a207 s. ;
_c24 cm.
490 1 _aZeszyt Naukowy / Politechnika Krakowska. Nauki Ekonomiczne,
_x0548-0442 ;
_vz. 21
500 _aNumeracja ser. gł. : nr 3.
504 _aBibliogr. przy rozdz.
650 9 _aPolityka
_xteoria
830 0 _aZeszyt Naukowy (Politechnika Krakowska).
_pNauki Ekonomiczne ;
_vz. 21
040 _cBPK
041 _apol
080 _a321.01
942 _cKS
008 s pl f |000 0 pol
999 _c30526
_d30526
856 _uhttp://koha.tu.koszalin.pl/cgi-bin/koha/opac-detail.pl?biblionumber=30526
_yKatalog online BPK